00430nam a22001337a 4500003000400000082001700004100001500021245016200036260003100198300000700229650003100236942001200267999001700279SGT a617.63bE26M aDr. Muskan aEvaluation of the changes in maxillary sinus mucosal thickening and maxillary ostium before & after sinus augmentation during implant placement -CBCT study  aGurugrambSGTUcMarch 2026 a91 aOral Medicine & Radiology  2ddccTH c34624d34624